000 01134nam a22003617a 4500
001 BR2019001673
003 BR-BrBNA
005 20230928105445.0
007 ta
008 230509b bl.||||| |||| 00| 0 por d
020 _a978-85-99517-07-9
040 _aBR-BrBNA
_bpor
_cBiblioteca Nacional de Agricultura
041 _a(Por)
072 _aS01; E73; S40
090 _ S01 BR2019001673
100 1 _aGonçalves, J.R. (org.)
100 1 _aMascarenhas, T.S. (org.)
110 1 _aInstituto Kairós, São Paulo, SP (Brasil)
_96386
245 1 _aConsumo responsável em ação: tecendo relações solidárias entre o campo e a cidade
260 3 _aSão Paulo, SP (Brasil):
_c2017.
300 _a224 p.
500 _aIncludes several bibliographies; 7 illus.; 4 graphs; 3 tables
650 _aNUTRIÇÃO HUMANA
650 _aPROGRAMA DE NUTRIÇÃO
650 _aPOLÍTICA PÚBLICA
650 _aPRODUÇÃO DE ALIMENTOS
650 _aSEGURANÇA ALIMENTAR
650 _aCONSUMO ALIMENTAR
650 _aAGRICULTURA ORGÂNICA
650 _aCADEIA PRODUTIVA
909 _a202309
_bLucia
_c55
_dLucia Elande
942 _cBK
999 _c85238
_d85238